Formación y funciones sociales de la opinión pública /

Böckelman pretende determinar cuál es el marco de la comunicación social y ejercer una crítica del mismo. El significado e importancia latentes de la comunicación de masas dentro de las relaciones sociales no consisten en la "eficacia", si no en la misma fijación de los modos comunicativos socialmen...

Πλήρης περιγραφή

Αποθηκεύτηκε σε:
Λεπτομέρειες βιβλιογραφικής εγγραφής
Κύριος συγγραφέας: Bockelmann, F. (autor)
Μορφή: Βιβλίο
Γλώσσα:Ισπανικά
Έκδοση: Barcelona, España : Gustavo Gili, 1983
Θέματα:
Ετικέτες: Προσθήκη ετικέτας
Δεν υπάρχουν, Καταχωρήστε ετικέτα πρώτοι!

MARC

LEADER 00000nam^a2200000^a^4500
001 000000050
005 20250521000000.0
009 20260310083011.614
020 |a 968-6085-84-x 
037 |a Acervo ITESO - Biblioteca 
041 |a ESP 
082 |a 302. 23 BOC 
100 |a Bockelmann, F.  |e (autor) 
245 1 0 |a Formación y funciones sociales de la opinión pública /  |c F. Bockelmann ; tr. por Ramón Ribalta i Ribalta. 
264 1 |a Barcelona, España :  |b Gustavo Gili,  |c 1983 
300 |a 304 p. 
336 |a texto  |b txt  |2 rdacontenido 
337 |a sin mediación  |b n  |2 rdamedio 
338 |a volumen  |b nc  |2 rdasoporte 
500 |a Traducción de: Theorie des Massenkommunikation das System Hergestellter Offentlichneit, Wirkungsforschumg and Gesellschaftliche Kommunikations Verhaltnisse 
520 |a Böckelman pretende determinar cuál es el marco de la comunicación social y ejercer una crítica del mismo. El significado e importancia latentes de la comunicación de masas dentro de las relaciones sociales no consisten en la "eficacia", si no en la misma fijación de los modos comunicativos socialmente dominantes. 
649 |a XX 
650 |a Medios de Comunicación 
650 |a Comunicación Masiva 
650 |a Opinión Pública 
650 |a Comunicación Masiva 
650 |a Sociología 
910 |a Fondo General 
920 |a Impresos - Libros 
930 |a Colección General 
905 |a 101 
901 |a 0000500200  |b IT1  |c ACC  |i 904360  |u 20250521 
902 |a https://opac.biblio.iteso.mx/vufind/Record/000000050